| 000 | 00803nam a2200229Ia 4500 | ||
|---|---|---|---|
| 001 | 16725 | ||
| 003 | GE_BSU | ||
| 008 | 181216s||||||||xx |||||||||||||| ||und|| | ||
| 040 | _cGE_BSU | ||
| 080 | _a821.161.1-31 | ||
| 100 | _aეფრემოვი, ი. | ||
| 245 | _aანდრომედას ნისლეული | ||
| 245 | _bრომანი | ||
| 245 | _cმთარგმნ.: დ. კაკაბაძე და ვ. გოგოლაშვილი. რედ. გ. გოგოლაშვილი | ||
| 260 | _aთბილისი | ||
| 260 | _bსაბჭ. საქართველო | ||
| 260 | _c1962 | ||
| 300 | _a347გვ. ; 22სმ. | ||
| 653 | _aანდრომედას ნისლეული | ||
| 653 | _aრომანი | ||
| 942 | _cBK | ||
| 999 |
_c49790 _d49790 |
||